| 000 | 00678nam a2200241Ia 4500 | ||
|---|---|---|---|
| 003 | OSt | ||
| 005 | 20260327110822.0 | ||
| 008 | 210210b1933 xxu||||| |||| 00| 0 eng d | ||
| 040 | _cAL | ||
| 041 | _aHindi | ||
| 082 | _a869/119 | ||
| 100 |
_aMADAN GOPALJI _dमादन गोपालजी. _9259535 |
||
| 245 |
_aManav hriday ki kathayen II _bमानव हृदय के कथाएँ २ |
||
| 260 |
_aBombay _bHindi Granth Ratnakar _c1933 |
||
| 650 |
_aMAnav _9259536 |
||
| 650 |
_aki _9259537 |
||
| 650 |
_akathayen _9259538 |
||
| 650 |
_aII _9259539 |
||
| 650 |
_ahriday _9259540 |
||
| 690 |
_aHindi Fiction _9259541 |
||
| 906 | _a023918 | ||
| 942 |
_2ddc _cBK |
||
| 999 |
_c148883 _d148883 |
||